000 00675nam a22001817a 4500
003 UA-OsUOA
001 18792
007 ta
008 20040612b un ||||| |||| 00| 0 ukr d
100 _aВальчук П.
942 _cSA
040 _aUA-OsUOA
_cUA-OsUOA
_dUA-OsUOA
245 _aНа чужий алтар своє серце покладу
_b[Про лікаря - уролога О.Скібінського , який 20 р. завідує уролог. від-ням Рівнен. центр. лікарні]
300 _aС.6
955 _a0
773 0 _w0
_tСім днів
_dРівне
_d2004
_g№23/4 черв./
650 7 _aКраєзнавча робота
_2UDC
999 _c304963
_d304963